History Quiz

Random History or Nation Quiz

10 to 1: Pre-Columbian Americas Quiz Stats

 Plays Quiz Updated Oct 14, 2019

Score 0/55 Timer 10:00
8 Plays Today
% Correct
Cherokee
94.4%
Cheyenne
89.4%
Aztec
87.7%
Sioux
86.5%
Iroquois
85.8%
Navajo
85.6%
Maya
83%
Inca
82.1%
Igloo
81%
Tepee
80.3%
Machu Picchu
80%
Shoshone
80%
Potato
79.9%
Tomato
79%
Tobacco
78.9%
Longhouse
78.9%
Maize
78.9%
Wigwam
78.6%
Chichen Itza
76.5%
Cree
75.1%
Pueblos (structure)
74.3%
Moctezuma I
73.2%
Cacao
72.7%
Arapaho
72.4%
Kiich House
72.4%
Olmec
66.2%
Toltec
62.7%
Quetzalcoatl
62%
% Correct
Effigy Mounds
59.4%
Tenochtitlan
57.1%
Zapotec
56.4%
Mesa Verde
52.8%
K'inich Yax K'uk' Mo'
51.9%
Iñupiat
51.2%
Mixtec
50.8%
Nazca Lines
48.8%
Cuzco
48%
Wampanoag
45.2%
Mama Killa
43.6%
Wampum
40.4%
Taíno
37.6%
Tezozomoc
37.4%
Mayta Cápac
37.2%
Yawar Waqaq
36.6%
Hogan
31.6%
Wickiup
31%
Itzcoatl
30.1%
Tikal
25.7%
Mayahuel
22.5%
Chanka
21.9%
Copán
19.6%
Coatlicue
19.5%
Inti
15.4%
Kon
15.1%
Tonatiuh
12.5%

You're not logged in!

Compare scores with friends on all Sporcle quizzes.
OR
Log In

Sporcle TV

Today on Sporcle TV


Watch our educational content, quiz creation guides, and fun videos on Sporcle TV.

Show Comments

Extras

Top Quizzes Today


Score Distribution

Your Account Isn't Verified!

In order to create a playlist on Sporcle, you need to verify the email address you used during registration. Go to your Sporcle Settings to finish the process.

Report this User

Report this user for behavior that violates our Community Guidelines.

Details: